000 00842nam a2200229 i 4500
001 9457
003 ES-MaACL
005 20230906145656.0
007 t|
008 930913s1991 sp ||||1| spa d
020 _a84-7834-112-9
080 _a338.98(46):620.9
080 _a620.9(46)
245 0 0 _aPlan energético nacional 1991-2000 /
_cSecretaría General de la Energía y Recursos Minerales.
260 _aMadrid :
_bMinisterio de Industria, Comercio y Turismo,
_cD.L. 1991.
300 _aIII, 280 p. ;
_c30 cm.
650 1 4 _aEnergía-
_zEspaña-
_xPlanificación.
_912250
651 4 _aEspaña-
_xPolítica energética.
_98417
710 1 _aEspaña.
_bMinisterio de Industria, Comercio y Turismo.
_93879
710 1 _aEspaña.
_bSecretaría General de la Energía y Recursos Minerales.
_93971
852 _aES-MaACL
_jL-16991
_bR.121325
999 _c9457
_d9457